[Event "World Blitz Women 2025"]
[Site "Doha QAT"]
[Date "2025.12.30"]
[Round "13.62"]
[White "Druzhinina, Olga"]
[Black "Zhang, Lanlin"]
[Result "0-1"]
[WhiteTitle "WFM"]
[BlackTitle "WIM"]
[WhiteElo "2175"]
[BlackElo "2291"]
[WhiteFideId "4141911"]
[BlackFideId "8608032"]
[EventDate "2025.12.29"]

1. e4 c5 2. Nf3 d6 3. Bb5+ Nd7 4. O-O a6 5. Bd3 Ngf6 6. c3 e6 7. Re1 Be7 8. Bc2
b5 9. d4 Bb7 10. Nbd2 Qc7 11. a4 Rc8 12. e5 dxe5 13. dxe5 Nd5 14. axb5 axb5 15.
Qe2 c4 16. Nd4 Nf4 17. Qg4 Nxg2 18. Qxg7 Rf8 19. Re4 Nh4 20. Re3 Ng6 21. N2f3
Qc5 22. Re1 Kd8 23. Ra5 Kc7 24. Rxb5 Qa7 25. Be3 Qa6 26. Bg5 Rg8 27. Qxf7 Bxg5
28. Nxg5 Nh8 29. Qe7 Rce8 30. Nxe6+ Kb8 31. Qxd7 Rxe6 32. Rxb7+ Qxb7 33. Qxe6 0-1

[Event "World Blitz Women 2025"]
[Site "Doha QAT"]
[Date "2025.12.30"]
[Round "13.63"]
[White "Savitha, Shri B"]
[Black "Skaslien, Ingrid"]
[Result "1-0"]
[WhiteTitle "IM"]
[WhiteElo "2334"]
[BlackElo "2029"]
[WhiteFideId "35061887"]
[BlackFideId "1520660"]
[EventDate "2025.12.29"]

1. e4 e6 2. d4 d5 3. exd5 exd5 4. Nf3 Bd6 5. Bd3 Ne7 6. O-O Nbc6 7. c4 dxc4 8.
Bxc4 Bf5 9. Nc3 O-O 10. Be3 a6 11. Re1 Ng6 12. a4 Bg4 13. h3 Bd7 14. Ng5 Nf4 15.
Nce4 Bf5 16. Qf3 Bxe4 17. Nxe4 Ne6 18. Rad1 Ne7 19. d5 Bb4 20. dxe6 Bxe1 21.
exf7+ Kh8 22. Rxd8 Raxd8 23. Ng5 Ng6 24. Qh5 h6 25. Qxg6 1-0

[Event "World Blitz Women 2025"]
[Site "Doha QAT"]
[Date "2025.12.30"]
[Round "13.64"]
[White "Sharma, Isha"]
[Black "Mamedjarova, Zeinab"]
[Result "0-1"]
[WhiteTitle "WIM"]
[BlackTitle "WGM"]
[WhiteElo "2245"]
[BlackElo "2155"]
[WhiteFideId "35006665"]
[BlackFideId "13401521"]
[EventDate "2025.12.29"]

1. e4 d5 2. exd5 Qxd5 3. Nc3 Qd8 4. d4 Nf6 5. Nf3 Bg4 6. Bc4 e6 7. O-O Be7 8. h3
Bh5 9. Qd3 O-O 10. Ne5 Nbd7 11. Bf4 c6 12. Bb3 Nd5 13. Nxd5 cxd5 14. c3 Nxe5 15.
Bxe5 Bg6 16. Qg3 Qd7 17. Rfe1 Kh8 18. h4 f6 19. Bf4 Bf5 20. Re2 a5 21. Rae1 a4
22. Bc2 Bxc2 23. Rxc2 a3 24. b3 Rfc8 25. h5 h6 26. Qe3 Bf8 27. Qxe6 Qb5 28. Qf5
Re8 29. Re3 Rxe3 30. fxe3 Re8 31. c4 Qb4 32. Qxd5 Qe1+ 33. Kh2 Qh4+ 34. Kg1 Qe1+
35. Kh2 Qd1 36. Rf2 Qe1 37. Kg3 b6 38. Qf7 Rxe3+ 39. Bxe3 Qxe3+ 40. Rf3 Qg5+ 41.
Kf2 Qd2+ 42. Kf1 Qd1+ 43. Kf2 Qd2+ 44. Kg3 Qe1+ 45. Kh2 Bd6+ 46. Kh3 Qh1+ 47.
Kg4 Qxg2+ 48. Kf5 Qxf3+ 49. Ke6 Qe4+ 50. Kxd6 Qxd4+ 51. Kc7 Qc5+ 52. Kb7 b5 53.
Qe8+ Kh7 54. Qg6+ Kh8 55. Qe8+ Kh7 56. Qxb5 Qf2 57. Qd5 Qxa2 58. c5 Qc2 59. c6
a2 60. Qa5 Qxb3+ 61. Ka7 Qe3+ 62. Ka8 Qe6 63. c7 Qc8+ 64. Ka7 Qxc7+ 65. Qxc7
a1=Q+ 66. Kb8 Qb2+ 67. Kc8 Qe5 68. Qc2+ f5 69. Kd7 Qd4+ 70. Ke6 Qe4+ 71. Qxe4
fxe4 0-1

[Event "World Blitz Women 2025"]
[Site "Doha QAT"]
[Date "2025.12.30"]
[Round "13.65"]
[White "Yakubbaeva, Nilufar"]
[Black "Alsemairi, Dalia"]
[Result "1-0"]
[WhiteTitle "WGM"]
[BlackTitle "WCM"]
[WhiteElo "2229"]
[BlackElo "1802"]
[WhiteFideId "14204487"]
[BlackFideId "21511217"]
[EventDate "2025.12.29"]

1. Nf3 Nf6 2. c4 e6 3. e3 c6 4. b3 d5 5. Bb2 Be7 6. d4 O-O 7. Nc3 Nbd7 8. Be2 h6
9. O-O c5 10. cxd5 exd5 11. Rc1 b6 12. dxc5 Nxc5 13. Nd4 Bb7 14. Nf5 Re8 15.
Nxe7+ Qxe7 16. Nb5 Rad8 17. Nd4 Nfe4 18. Bb5 Rf8 19. Qg4 Bc8 20. Nf5 Qf6 21.
Bxf6 Nxf6 22. Qxg7# 1-0

[Event "World Blitz Women 2025"]
[Site "Doha QAT"]
[Date "2025.12.30"]
[Round "13.66"]
[White "Fawaz, Nadia"]
[Black "Rouda Essa, Alserkal"]
[Result "0-1"]
[WhiteTitle "WFM"]
[BlackTitle "WGM"]
[WhiteElo "1957"]
[BlackElo "2052"]
[WhiteFideId "5309743"]
[BlackFideId "9314318"]
[EventDate "2025.12.29"]

1. e4 c5 2. Nf3 Nc6 3. d4 cxd4 4. Nxd4 Nf6 5. Nc3 e5 6. Nb3 Bb4 7. Bd3 O-O 8.
O-O Bxc3 9. bxc3 h6 10. a4 d5 11. exd5 Qxd5 12. c4 Qd8 13. Bb2 Re8 14. Re1 Qc7
15. Qf3 b6 16. c5 Bb7 17. Qg3 Rad8 18. cxb6 axb6 19. Rad1 Qc8 20. Bb5 Qf5 21.
Qc3 Ne4 22. Qe3 Rxd1 23. Rxd1 Nf6 24. Qd3 e4 25. Qc3 Rc8 26. Qe1 Qg5 27. Qe3
Qxe3 28. fxe3 Nb4 29. c3 Nbd5 30. Kf2 Nxc3 31. Rc1 Nxb5 32. Rxc8+ Bxc8 33. axb5
Bd7 34. Nd4 Ng4+ 35. Ke2 Nxh2 36. Ba3 Ng4 37. Bd6 Nf6 38. Bc7 Nd5 39. Bh2 Nc3+
40. Kd2 Nxb5 41. Nc2 f6 42. Nb4 Na7 43. Bb8 Nc6 44. Nxc6 Bxc6 45. Bd6 Kf7 46.
Bb4 Ke6 47. Kc3 Kd5 48. Bf8 g6 49. Bxh6 Bb5 50. Bg7 f5 51. Bd4 Bf1 52. g3 b5 53.
Kb4 Kc6 54. Bc5 Kd5 55. Bd4 Be2 56. Bc5 Ke6 57. Bd4 g5 58. Ba7 Bd3 59. Bb6 Kf6
60. Bd8+ Kg6 61. Bc7 Kh5 62. Be5 Kg4 63. Bc7 Kf3 64. Bd8 g4 65. Bc7 Kxe3 66. Kc3
Kf3 67. Kd2 b4 68. Be5 b3 69. Kc3 Bc2 70. Kd2 Bd3 71. Kc3 Bc2 72. Kd2 Kf2 73.
Kc3 e3 74. Kd4 e2 0-1

[Event "World Blitz Women 2025"]
[Site "Doha QAT"]
[Date "2025.12.30"]
[Round "13.67"]
[White "Berikkyzy Alanna"]
[Black "Lau, Chloe Hailey"]
[Result "1-0"]
[WhiteTitle "WFM"]
[WhiteElo "2241"]
[BlackElo "1562"]
[WhiteFideId "13780719"]
[BlackFideId "6012469"]
[EventDate "2025.12.29"]

1. e4 c6 2. Nc3 d5 3. Nf3 dxe4 4. Nxe4 Nf6 5. Qe2 Nxe4 6. Qxe4 Nd7 7. Bc4 Nf6 8.
Ne5 e6 9. Qe2 b5 10. Bb3 Qc7 11. d4 Bd6 12. Bf4 O-O 13. O-O Bb7 14. Rfe1 Rad8
15. Rad1 Nd5 16. Bg3 Rfe8 17. Qg4 Nf6 18. Qh3 c5 19. dxc5 Bxe5 20. Rxd8 Rxd8 21.
Bxe5 Qxe5 22. Rf1 Qxc5 23. c3 Qh5 24. Qe3 Ng4 25. Qf4 Qf5 26. Qc7 Re8 27. Qxb7
Qe5 28. g3 Qc5 29. Qf3 Ne5 30. Qe4 h6 31. Bc2 f5 32. Qe2 Qd5 33. f3 Nc4 34. Bb3
Qc5+ 35. Kh1 Kf7 36. Rd1 Re7 37. Bxc4 bxc4 38. Kg2 Qb5 39. b3 Kf6 40. bxc4 Qc5
41. Qd3 Qa3 42. Rd2 Kf7 43. Qe3 Qa6 44. c5 Rc7 45. Rb2 Qa3 46. Re2 Qxc5 47.
Qxe6+ Kf8 48. Qe8# 1-0

[Event "World Blitz Women 2025"]
[Site "Doha QAT"]
[Date "2025.12.30"]
[Round "13.68"]
[White "Abrar Mohammed Ahmad Almalki"]
[Black "Zvereva, Marija"]
[Result "0-1"]
[BlackTitle "WIM"]
[WhiteElo "1826"]
[BlackElo "2007"]
[WhiteFideId "21543143"]
[BlackFideId "4121082"]
[EventDate "2025.12.29"]

1. e4 c5 2. Nf3 Nc6 3. Nc3 e5 4. Bb5 Bd6 5. Bxc6 dxc6 6. O-O Nf6 7. Re1 O-O 8.
Qe2 Ne8 9. h3 Nc7 10. a4 a5 11. d3 Ne6 12. Be3 Nd4 13. Bxd4 cxd4 14. Nd1 Be6 15.
c3 dxc3 16. bxc3 b5 17. d4 Bc4 18. Qd2 exd4 19. cxd4 Bb4 20. Nc3 bxa4 21. Rxa4
Bb3 22. Raa1 a4 23. Qd3 Qa5 24. Rec1 a3 25. Na2 Bxa2 26. Rxa2 Rac8 27. Ne5 c5
28. d5 Qc7 29. Nc4 f6 30. d6 Qc6 31. Nxa3 Ra8 32. Rca1 Rfd8 33. Nc4 Rxa2 34.
Rxa2 h5 35. Qd5+ Qxd5 36. exd5 Kf8 37. Ra7 Bc3 38. Rc7 Bd4 39. d7 g5 40. Rc8 Ke7
41. Rc7 Rxd7 42. Rxd7+ Kxd7 43. d6 Be5 44. Kf1 Bxd6 45. Ke2 Kc6 46. Kd3 Kd5 47.
Ne3+ Kc6 48. g4 h4 49. Nf5 Be5 50. Kc4 Ba1 51. f3 Bb2 52. Ne7+ Kd6 53. Nd5 Bd4
54. Nb6 Ke5 55. Nd7+ Kf4 56. Nxc5 Bxc5 57. Kxc5 Kxf3 58. Kd6 Kg3 0-1

[Event "World Blitz Women 2025"]
[Site "Doha QAT"]
[Date "2025.12.30"]
[Round "13.69"]
[White "Sawan, Eman"]
[Black "Alotaibi, Maitha Abdulrahman A"]
[Result "1-0"]
[WhiteTitle "WFM"]
[WhiteElo "1960"]
[BlackElo "1600"]
[WhiteFideId "11511729"]
[BlackFideId "21524009"]
[EventDate "2025.12.29"]

1. e4 c5 2. Nf3 Nc6 3. Bb5 a6 4. Bxc6 bxc6 5. O-O Nf6 6. e5 Nd5 7. Nc3 Nxc3 8.
dxc3 d6 9. Re1 e6 10. exd6 Qxd6 11. Qxd6 Bxd6 12. Be3 O-O 13. Rad1 Be7 14. Ne5
Bb7 15. Rd7 Bf6 16. Rxb7 Bxe5 17. Bxc5 Rfb8 18. Rxb8+ Bxb8 19. Rd1 h6 20. Rd8+
Kh7 21. Bd6 Bxd6 22. Rxa8 Be5 23. Rxa6 Bf6 24. Kf1 Kg6 25. Rxc6 Kf5 26. a4 Be5
27. a5 Kf6 28. a6 g6 29. a7 Kf5 30. a8=Q Kf6 31. Qb7 g5 32. g4 1-0

[Event "World Blitz Women 2025"]
[Site "Doha QAT"]
[Date "2025.12.30"]
[Round "13.70"]
[White "Al-Khulaifi, Ghada"]
[Black "Echcharbiny, Wissal"]
[Result "0-1"]
[WhiteTitle "WCM"]
[WhiteElo "1630"]
[BlackElo "1726"]
[WhiteFideId "12100633"]
[BlackFideId "9014853"]
[EventDate "2025.12.29"]

1. d4 d5 2. c4 c6 3. Nc3 Nf6 4. Bf4 dxc4 5. e4 Bg4 6. f3 Bh5 7. Bxc4 e6 8. Nge2
Be7 9. O-O Nbd7 10. Qb3 Nb6 11. Bd3 O-O 12. a4 a5 13. Rad1 Nbd7 14. Ng3 Bg6 15.
Qxb7 Qb6 16. Qxb6 Nxb6 17. Bc7 Nfd7 18. f4 h6 19. f5 exf5 20. exf5 Bh7 21. Rde1
Bb4 22. Be4 Nd5 23. Rf3 Nxc7 24. Bxc6 Rad8 25. Rc1 Nf6 26. Nb5 Nxb5 27. axb5
Rxd4 28. Ne2 Rd2 29. Nf4 Bxf5 30. b6 Rb8 31. b7 Rxb2 32. Bd5 Nxd5 33. Rc8+ Bxc8
34. bxc8=Q+ Rxc8 35. Nxd5 Rc1+ 36. Rf1 Bc5+ 0-1

[Event "World Blitz Women 2025"]
[Site "Doha QAT"]
[Date "2025.12.30"]
[Round "14.1"]
[White "Assaubayeva, Bibisara"]
[Black "Gunina, Valentina"]
[Result "0-1"]
[WhiteTitle "GM"]
[BlackTitle "GM"]
[WhiteElo "2497"]
[BlackElo "2393"]
[WhiteFideId "13708694"]
[BlackFideId "4167570"]
[EventDate "2025.12.29"]

1. Nf3 d5 2. c4 c6 3. cxd5 cxd5 4. d4 Nf6 5. Nc3 Nc6 6. Bf4 a6 7. e3 Bf5 8. Bd3
Bg6 9. O-O e6 10. Rc1 Be7 11. Ne5 Nxe5 12. Bxe5 O-O 13. h3 Rc8 14. Bxg6 hxg6 15.
Qd3 Qa5 16. Bxf6 gxf6 17. a3 f5 18. Rc2 Rc4 19. Rfc1 Rfc8 20. Kf1 Qc7 21. g3 Kg7
22. h4 Bd6 23. Kg2 Qc6 24. b3 Bxa3 25. Kg1 Bxc1 26. bxc4 dxc4 27. Qd1 Ba3 28. d5
exd5 29. Nxd5 Rd8 30. Qa1+ Kh7 31. Nf6+ Kh6 32. Qxa3 Rd1+ 0-1

[Event "World Blitz Women 2025"]
[Site "Doha QAT"]
[Date "2025.12.30"]
[Round "14.2"]
[White "Zhu, Jiner"]
[Black "Roebers, Eline"]
[Result "1-0"]
[WhiteTitle "GM"]
[BlackTitle "IM"]
[WhiteElo "2579"]
[BlackElo "2396"]
[WhiteFideId "8608059"]
[BlackFideId "1058401"]
[EventDate "2025.12.29"]

1. e4 Nf6 2. Nc3 d5 3. exd5 Nxd5 4. Nf3 g6 5. Be2 Bg7 6. Nxd5 Qxd5 7. d4 O-O 8.
O-O Bf5 9. c3 c5 10. dxc5 Qxc5 11. Be3 Qc7 12. Qc1 Nc6 13. Bh6 Rfd8 14. Bxg7
Kxg7 15. Qe3 e5 16. Rfd1 Be6 17. h3 f6 18. c4 Bf7 19. Rac1 Qb6 20. Qc3 Rxd1+ 21.
Rxd1 Rd8 22. Rxd8 Qxd8 23. b4 Qd6 24. a3 e4 25. Nd2 Qd4 26. Qe3 f5 27. b5 Qa1+
28. Kh2 Qe5+ 29. g3 Nd4 30. Bf1 b6 31. a4 Ne6 32. Nb3 f4 33. gxf4 Nxf4 34. Qd4
Qxd4 35. Nxd4 Nd3 36. Nc6 Bxc4 37. Nxa7 Bb3 38. f3 Bxa4 39. fxe4 Nc5 40. Nc8
Nxe4 41. Nxb6 Bb3 42. Nd7 Bd5 43. Bg2 Kf7 44. b6 Ke7 45. Bxe4 Bxe4 46. Nc5 Bc6
47. b7 Bxb7 48. Nxb7 g5 49. Kg3 Kf6 50. Nc5 Kf5 51. Nb3 h5 52. Nd4+ Ke4 53. Ne6
Kf5 54. Ng7+ Kg6 55. Ne8 Kf5 56. Nd6+ Ke5 57. Nc4+ Kf5 58. Nd2 Ke5 59. Nf3+ Kf5
60. Nd4+ Ke5 61. Ne2 Kf5 62. Nc3 Ke5 63. Kf2 Kf4 64. Ne2+ Kf5 65. Ng3+ Kg6 66.
Ke3 Kh6 67. Ke4 Kg6 68. Nf1 Kf6 69. Nd2 Ke6 70. Nc4 Kf6 71. Nd2 Ke6 72. Nf3 Kf6
73. Nd4 Kg6 74. Nc2 Kf6 75. Ne3 Ke6 76. Nf5 Kf6 77. Ng3 Kg6 78. Ke3 Kh6 79. Kd4
h4 80. Nf5+ Kg6 81. Ne3 Kf6 82. Ke4 Ke6 83. Ng4 1-0

[Event "World Blitz Women 2025"]
[Site "Doha QAT"]
[Date "2025.12.30"]
[Round "14.3"]
[White "Garifullina, Leya"]
[Black "Omonova, Umida"]
[Result "1-0"]
[WhiteTitle "IM"]
[BlackTitle "WIM"]
[WhiteElo "2454"]
[BlackElo "2294"]
[WhiteFideId "34127035"]
[BlackFideId "14210363"]
[EventDate "2025.12.29"]

1. e4 e5 2. Nf3 Nc6 3. Bb5 Nf6 4. d3 d6 5. c3 a6 6. Ba4 g6 7. O-O Bg7 8. Re1 O-O
9. h3 b5 10. Bc2 Re8 11. d4 Bb7 12. d5 Nb8 13. a4 bxa4 14. Bxa4 Rf8 15. Nbd2 h6
16. Nc4 Nfd7 17. Na5 Qc8 18. b4 f5 19. Nh4 Rf6 20. exf5 gxf5 21. Qh5 Nf8 22.
Nxb7 Qxb7 23. Nxf5 Rxf5 24. Qxf5 Qxd5 25. Qh5 Qe6 26. Be3 c6 27. Bc2 d5 28. Bf5
Qf6 29. Bc5 Nbd7 30. Bxf8 Nxf8 31. Re3 e4 32. Rg3 Ra7 33. Bc8 Rf7 34. Qe2 Ne6
35. Rxa6 Nf4 36. Qd2 Nh5 37. Rg4 Nf4 38. b5 Qe5 39. Rxc6 Kh7 40. b6 h5 41. Rg3
Bh6 42. Qd1 e3 43. Rxe3 Qg5 44. Rg3 Qe5 45. Kh1 Ne2 46. Re3 Bxe3 47. Qxe2 Rxf2
48. Qd3+ Kh8 49. Be6 Rd2 50. Rc8+ Kg7 51. Rg8+ Kf6 52. Qg6+ Ke7 53. Qe8+ Kd6 54.
Qd7+ Kc5 55. Rc8+ 1-0

[Event "World Blitz Women 2025"]
[Site "Doha QAT"]
[Date "2025.12.30"]
[Round "14.4"]
[White "Salimova, Nurgyul"]
[Black "Goryachkina, Aleksandra"]
[Result "1/2-1/2"]
[WhiteTitle "IM"]
[BlackTitle "GM"]
[WhiteElo "2396"]
[BlackElo "2534"]
[WhiteFideId "2915138"]
[BlackFideId "4147103"]
[EventDate "2025.12.29"]

1. d4 Nf6 2. Nf3 d5 3. c4 e6 4. g3 Be7 5. Bg2 O-O 6. O-O dxc4 7. Qc2 a6 8. a4
Bd7 9. Qxc4 Bc6 10. Bg5 Nbd7 11. Nc3 h6 12. Bf4 Bd6 13. Qd3 b5 14. axb5 axb5 15.
Nxb5 Bxf4 16. gxf4 Rxa1 17. Rxa1 Qb8 18. Nc3 Qxb2 19. Rb1 Qa3 20. Ne5 Bxg2 21.
Kxg2 Rd8 22. Nxd7 Nxd7 23. e3 Nf6 24. Qc4 Qa8+ 25. Kg1 Rc8 26. Ne2 h5 27. Rc1
Qf3 28. Nc3 Qg4+ 29. Kh1 Qh3 30. Qf1 Qxf1+ 31. Rxf1 c5 32. dxc5 Rxc5 33. Ne2 Ne4
34. Kg2 Rc2 35. Nd4 Ra2 36. Nf3 f6 37. Nd4 Kf7 38. Nf3 g6 39. Nd4 g5 40. fxg5
fxg5 41. Nf3 g4 42. Ne5+ Kf6 43. Nd3 h4 44. Kg1 Rd2 45. Nf4 e5 46. Ng2 h3 47.
Ne1 Nc3 48. f3 Kg5 49. fxg4 Kxg4 50. Nf3 Rd5 51. Kf2 Ne4+ 52. Ke2 Nc3+ 53. Kf2
Ne4+ 54. Ke2 Nc3+ 55. Kf2 Ne4+ 1/2-1/2

[Event "World Blitz Women 2025"]
[Site "Doha QAT"]
[Date "2025.12.30"]
[Round "14.5"]
[White "Muzychuk, Anna"]
[Black "Mungunzul, Bat-Erdene"]
[Result "1-0"]
[WhiteTitle "GM"]
[BlackTitle "WIM"]
[WhiteElo "2518"]
[BlackElo "2350"]
[WhiteFideId "14111330"]
[BlackFideId "4902831"]
[EventDate "2025.12.29"]

1. e4 d6 2. Nc3 Nf6 3. f4 g6 4. Nf3 Bg7 5. g3 c5 6. d3 a6 7. Bg2 O-O 8. O-O Nc6
9. h3 b5 10. g4 Nd7 11. Ne2 Nb6 12. c3 Qc7 13. Be3 f5 14. exf5 gxf5 15. g5 Bb7
16. Ng3 Nd5 17. Bd2 Nd8 18. Qe2 e5 19. fxe5 dxe5 20. Nh4 f4 21. Nh5 Bh8 22. Be4
Ne7 23. Rae1 Ra7 24. Kh2 Bxe4 25. Qxe4 Nb7 26. g6 h6 27. g7 Bxg7 28. Rg1 Rf7 29.
Nxg7 Rxg7 30. Rxg7+ Kxg7 31. Bxf4 exf4 32. Qxe7+ Qxe7 33. Rxe7+ Kf6 34. Rh7 a5
35. Nf3 a4 36. a3 b4 37. cxb4 cxb4 38. axb4 Ke6 39. b5 a3 40. bxa3 Rxa3 41. Rxb7
Rxd3 42. Kg2 Rb3 43. Nd4+ Kd5 1-0

[Event "World Blitz Women 2025"]
[Site "Doha QAT"]
[Date "2025.12.30"]
[Round "14.6"]
[White "Song, Yuxin"]
[Black "Shukhman, Anna"]
[Result "1-0"]
[WhiteTitle "IM"]
[BlackTitle "WGM"]
[WhiteElo "2454"]
[BlackElo "2431"]
[WhiteFideId "8614300"]
[BlackFideId "54180058"]
[EventDate "2025.12.29"]

1. e4 c5 2. Nf3 d6 3. Bc4 Nc6 4. O-O Nf6 5. d3 e6 6. c3 d5 7. exd5 exd5 8. Re1+
Be7 9. Bb3 O-O 10. h3 Bf5 11. Bf4 h6 12. a4 Bd6 13. Ne5 Re8 14. Nxc6 Rxe1+ 15.
Qxe1 bxc6 16. Bxd6 Qxd6 17. Bc2 Re8 18. Qd1 Qb8 19. b3 Qe5 20. Nd2 Qxc3 21. Nf3
c4 22. bxc4 dxc4 23. Rc1 cxd3 24. Bb3 Qb4 25. Rc4 Qb8 26. Rxc6 Be4 27. Rc3 Bxf3
28. gxf3 Nh5 29. Rxd3 Nf4 30. Rd7 Qe5 31. Bxf7+ Kh8 32. Bxe8 Qg5+ 33. Kf1 Qg2+
34. Ke1 Qg1+ 35. Kd2 Qxf2+ 36. Kc3 Qc5+ 37. Kb3 Qe3+ 38. Ka2 Qe6+ 39. Ka1 Qe5+
40. Qd4 Qe1+ 41. Kb2 Qe2+ 42. Kb3 Qxf3+ 43. Kb4 Kh7 44. Qxg7# 1-0

[Event "World Blitz Women 2025"]
[Site "Doha QAT"]
[Date "2025.12.30"]
[Round "14.7"]
[White "Yip, Carissa"]
[Black "Stefanova, Antoaneta"]
[Result "0-1"]
[WhiteTitle "IM"]
[BlackTitle "GM"]
[WhiteElo "2459"]
[BlackElo "2391"]
[WhiteFideId "2090732"]
[BlackFideId "2902257"]
[EventDate "2025.12.29"]

1. e4 e5 2. Nf3 Nc6 3. Bc4 Nf6 4. d3 h6 5. a4 a5 6. c3 Be7 7. O-O O-O 8. Nbd2 d6
9. Re1 Be6 10. Bxe6 fxe6 11. h3 Nh5 12. Nf1 Qe8 13. Qb3 Nd8 14. N1h2 Qg6 15. d4
exd4 16. cxd4 b6 17. Bd2 Nf7 18. Rac1 Rac8 19. Rc3 Kh8 20. Qb5 Nf6 21. Nh4 Qh7
22. Rg3 g5 23. N4f3 Nxe4 24. Rg4 d5 25. Qd7 Bd6 26. Nf1 h5 27. Rgxe4 dxe4 28.
N3h2 Rce8 29. Bc3 Kg8 30. Ne3 Re7 31. Qb5 Bxh2+ 32. Kxh2 Nd6 33. Qxg5+ Rg7 34.
Qh4 Nf5 35. Qxe4 Nxe3 36. Qxe6+ Kh8 37. Qxe3 Qg6 38. Qe4 Qxe4 39. Rxe4 Rxf2 40.
d5 Rxg2+ 41. Kh1 Kh7 42. Bxg7 Rxg7 43. Re5 Kh6 44. Re6+ Kg5 45. Kg2 Rd7 46. Rc6
Kf4 47. Kf2 Rxd5 48. Rc4+ 0-1

[Event "World Blitz Women 2025"]
[Site "Doha QAT"]
[Date "2025.12.30"]
[Round "14.8"]
[White "Nurman, Alua"]
[Black "Shuvalova, Polina"]
[Result "1-0"]
[WhiteTitle "WGM"]
[BlackTitle "IM"]
[WhiteElo "2367"]
[BlackElo "2502"]
[WhiteFideId "13729390"]
[BlackFideId "24171760"]
[EventDate "2025.12.29"]

1. e4 e5 2. Nf3 Nc6 3. Bc4 Nf6 4. d3 Be7 5. O-O O-O 6. Re1 d6 7. c3 Na5 8. Bb5
a6 9. Ba4 b5 10. Bc2 c5 11. h3 Re8 12. Nbd2 Nc6 13. a4 Bb7 14. Nf1 h6 15. Ng3
Bf8 16. Qe2 d5 17. exd5 Nxd5 18. axb5 axb5 19. Rxa8 Bxa8 20. d4 cxd4 21. cxd4
Ndb4 22. dxe5 Nxc2 23. Qxc2 Nb4 24. Qf5 Bxf3 25. Qxf3 Nd3 26. Rd1 Nxe5 27. Qb3
Qb6 28. Be3 Bc5 29. Bxc5 Qxc5 30. Rd5 Qc1+ 31. Kh2 Qf4 32. Qxb5 Re6 33. Rd8+ Kh7
34. Qc5 h5 35. Qd4 Qg5 36. Rd5 h4 37. Nf1 Rg6 38. Ne3 f6 39. Qe4 Qh6 40. Rd4 1-0

[Event "World Blitz Women 2025"]
[Site "Doha QAT"]
[Date "2025.12.30"]
[Round "14.9"]
[White "Badelka, Olga"]
[Black "Injac, Teodora"]
[Result "1/2-1/2"]
[WhiteTitle "IM"]
[BlackTitle "IM"]
[WhiteElo "2395"]
[BlackElo "2421"]
[WhiteFideId "13509926"]
[BlackFideId "932400"]
[EventDate "2025.12.29"]

1. d4 Nf6 2. Nf3 e6 3. e3 d5 4. Bd3 b6 5. O-O Bd6 6. b3 O-O 7. Bb2 Bb7 8. Nbd2
Nbd7 9. Ne5 Ne4 10. f3 Nxd2 11. Qxd2 Nxe5 12. dxe5 Bc5 13. Bd4 Be7 14. f4 c5 15.
Bb2 f5 16. exf6 Bxf6 17. Bxf6 Qxf6 18. c4 Rad8 19. Qc2 h6 20. Rae1 Kh8 21. Qc1
e5 22. cxd5 Bxd5 23. Bb1 exf4 24. Rxf4 Qe5 25. Qc2 Bg8 26. Qf2 Qe7 27. h3 Bh7
28. Bxh7 Kxh7 29. e4 Rxf4 30. Qxf4 Rf8 31. Qg3 Qe6 32. e5 Rf5 33. Re3 Rg5 34.
Qf4 Qg6 35. g4 Qe6 36. Kh2 Kg8 37. Kg3 Kh7 38. Qe4+ Kg8 39. Qf4 Kh7 40. Qe4+ Kg8
41. Qf4 1/2-1/2

[Event "World Blitz Women 2025"]
[Site "Doha QAT"]
[Date "2025.12.30"]
[Round "14.10"]
[White "Lei, Tingjie"]
[Black "Munkhzul, Turmunkh"]
[Result "0-1"]
[WhiteTitle "GM"]
[BlackTitle "WGM"]
[WhiteElo "2569"]
[BlackElo "2271"]
[WhiteFideId "8605114"]
[BlackFideId "4901878"]
[EventDate "2025.12.29"]

1. d4 Nf6 2. Bf4 d5 3. Nf3 Bf5 4. e3 e6 5. Bd3 Bxd3 6. cxd3 Bd6 7. Bxd6 Qxd6 8.
O-O Nbd7 9. Nc3 c6 10. e4 Qb4 11. Rb1 O-O 12. a3 Qb6 13. b4 a5 14. b5 c5 15. e5
Ne8 16. Na4 Qc7 17. Rc1 f6 18. Nxc5 Nxc5 19. Rxc5 Qe7 20. Re1 f5 21. Qc1 h6 22.
a4 g5 23. g3 g4 24. Nh4 Qg7 25. Ng2 Rf7 26. Qd2 Qg5 27. Qxg5+ hxg5 28. Ne3 Rd7
29. Rec1 Kf7 30. Kg2 Ke7 31. b6 Rdd8 32. Nc2 Ra6 33. Rb1 Kd7 34. Na1 Rc8 35.
Rbb5 Rc6 36. Rxa5 Rcxb6 37. Rxa6 bxa6 38. Nc2 Rb3 39. a5 Nc7 40. Kf1 Rxd3 41.
Nb4 Rxd4 42. Nc6 Rd1+ 43. Ke2 Rb1 44. Nd4 Rb4 45. Kd3 Ra4 46. Ke3 Ra3+ 47. Kd2
Ra2+ 48. Ke3 Ra3+ 49. Kd2 Ra4 50. Ke3 Rc4 51. Rxc4 0-1

[Event "World Blitz Women 2025"]
[Site "Doha QAT"]
[Date "2025.12.30"]
[Round "14.11"]
[White "Charkhalashvili, Inga"]
[Black "Lagno, Kateryna"]
[Result "0-1"]
[WhiteTitle "WGM"]
[BlackTitle "GM"]
[WhiteElo "2235"]
[BlackElo "2508"]
[WhiteFideId "13601431"]
[BlackFideId "14109336"]
[EventDate "2025.12.29"]

1. d4 d6 2. c4 e5 3. e3 Nf6 4. Nc3 Nbd7 5. Nf3 g6 6. Be2 Bg7 7. O-O O-O 8. b3
Re8 9. Bb2 e4 10. Nd2 Nf8 11. b4 h5 12. Nb3 N8h7 13. d5 h4 14. Nd4 h3 15. g3 Ng5
16. Kh1 Bd7 17. c5 Qc8 18. Rc1 dxc5 19. bxc5 Bg4 20. Bxg4 Nxg4 21. Nce2 Ne5 22.
Nf4 Qd7 23. c6 bxc6 24. dxc6 Qd6 25. Qa4 Nd3 26. Ba3 Qf6 27. Rb1 Ne6 28. Ndxe6
Rxe6 29. Rb7 g5 30. Rxc7 gxf4 31. gxf4 Qg6 0-1

[Event "World Blitz Women 2025"]
[Site "Doha QAT"]
[Date "2025.12.30"]
[Round "14.12"]
[White "Gong, Qianyun"]
[Black "Divya, Deshmukh"]
[Result "0-1"]
[WhiteTitle "WGM"]
[BlackTitle "GM"]
[WhiteElo "2228"]
[BlackElo "2497"]
[WhiteFideId "8602425"]
[BlackFideId "35006916"]
[EventDate "2025.12.29"]

1. e4 g6 2. Nc3 Bg7 3. Bc4 c5 4. d3 Nc6 5. f4 e6 6. Nf3 Nge7 7. O-O O-O 8. Bb3
d5 9. Qe1 Nd4 10. Nxd4 cxd4 11. Ne2 Nc6 12. Kh1 Na5 13. e5 f6 14. exf6 Bxf6 15.
Bd2 Nxb3 16. axb3 Bd7 17. Bb4 Rf7 18. Bc5 Qc7 19. Bxd4 Qxc2 20. Qc3 Rc8 21. Qe1
Bxd4 22. Nxd4 Qxb2 23. Nf3 Rxf4 24. Rxa7 Qxb3 25. Qe5 Qxd3 26. Raa1 Qf5 27. Qd6
Bc6 28. Rfe1 Re8 29. Ra3 Qf8 30. Qe5 Re4 31. Qa1 0-1